000 00451cam a2200193ua 4500
020 _c5.00
041 _ahin
_h
082 _a891.54
_bACH/SO
100 _aAcharya chatursen, .
245 _aSona aur khoon /
_cAchrya chatursen.
_hTextual Documents
250 _a1 /
_b.
260 _a :
_bRajpal and Sanch ,
_c1962.
300 _a317 ; .
365 _a5.00
504 _a
942 _cBK
999 _c3796
_d3796